000 00623nam a22002297a 4500
003 OSt
005 20220924113518.0
006 a|||||r|||| 00| 0
007 ta
008 220923b |||||||| |||| 00| 0 eng d
024 _a251070
037 _cGeneral Books
040 _aARTS
_cARTS
_beng
041 _2eng
_aeng
082 _aV3:3p1,N79, L9
245 0 _aStruggle over the state
_b cuts and restructuring in contemporary Britain
260 _aLondon
_bCSE Books
_c1979
300 _ai,122p
650 _aHISTORY
942 _hV3:3p1,N79, L9
_cGB
_2CC
999 _c389883
_d389883